Normal view
MARC view
Entry Nombre personal
001 - NÚMERO DE CONTROL
- campo de control: 185422
003 - IDENTIFICADOR DEL NÚMERO DE CONTROL
- campo de control: OSt
005 - FECHA Y HORA DE LA ÚLTIMA TRANSACCIÓN
- campo de control: 20240521081123.0
008 - DATOS DE LONGITUD FIJA
- campo de control de longitud fija: 220817|| aca||aabn | a|a d
040 1# - FUENTE DE LA CATALOGACIÓN
- Centro catalogador/agencia de origen: mxchpua
100 1# - ENCABEZAMIENTO-NOMBRE DE PERSONA
- Nombre de persona: Andrade Pérez, Vianey Margarita
374 ## - OCUPACIÓN
- Ocupación: Alumno del DIA
